EA FC25 Winter Wildcards - Statistics

General Stats
  • This quiz has been taken 28 times
  • The average score is 17 of 67
Answer Stats
Rate Club Nation Answer % Correct
94 Man City Norway Erling Haaland
96%
93 Real Madrid Brazil Vinicius Jr
96%
90 Spurs South Korea Heung Min Son
92%
91 Al Hilal Brazil Neymar Jr
92%
91 Barcelona Netherlands Frenkie de Jong
88%
90 Chelsea England Cole Palmer
81%
90 Arsenal England Declan Rice
81%
91 Leverkusen Germany Florian Wirtz
81%
93 Barcelona Norway Caroline Hansen
77%
89 Man City Portugal Bernardo Silva
65%
89 Atalanta Nigeria Ademola Lookman
58%
89 Spurs Spain Pedro Porro
54%
89 Real Madrid Germany Antonio Rudiger
46%
89 Bayern Germany Leroy Sane
46%
91 Portland Thorns USA Sophia Smith
46%
89 Lyon France Alexandre Lacazette
38%
89 PSG Portugal Vitinha
35%
89 Barcelona Sweden Fridolina Rolfo
31%
88 Galatasaray Argentina Mauro Icardi
31%
89 Al Hilal Saudi Arabia Salem Al Dawsari
31%
88 Atletico Madrid Norway Alexander Sorloth
23%
88 Al Nassr Spain Aymeric Laporte
23%
88 Villarreal Spain Dani Parejo
23%
88 West Ham England Jarrod Bowen
23%
88 Leipzig Belgium Lois Openda
23%
88 PSG Portugal Nuno Mendes
23%
87 Al Hilal Serbia Aleksandr Mitrovic
19%
87 Man United Cameroon Andre Onana
19%
88 Barcelona Spain Gavi
19%
88 PSV USA Malik Tillman
19%
88 Al Ittihad France Moussa Diaby
19%
87 Nottingham England Callum Hudson-Odoi
15%
87 Fenerbahce Brazil Fred
15%
88 Man United England Kobbie Mainoo
15%
87 Brentford Cameroon Bryan Mbeumo
12%
88 Juventus Brazil Danilo
12%
88 Fiorentina Spain David de Gea
12%
87 Stuttgart Germany Deniz Undav
12%
88 Man United Netherlands Dominique Janssen
12%
86 Ipswich England Liam Delap
12%
89 Gotham USA Rose Lavelle
12%
89 Arsenal England Beth Mead
8%
87 Feyenoord Slovakia David Hancko
8%
88 WS Wanderers Spain Juan Mata
8%
87 Crystal Palace England Marc Guehi
8%
87 Besiktas Portugal Rafa
8%
87 Roma Saudi Arabia Saud Abdulhamid
8%
87 Leipzig Hungary Willi Orban
8%
86 Girona Spain Bryan Gil
4%
87 Napoli Brazil David Neres
4%
86 Freiburg Turkey Eren Dinkci
4%
86 Mainz Germany Nadiem Amiri
4%
86 Dortmund Germany Niklas Sule
4%
86 Lens Poland Przemyslaw Frankowski
4%
87 Real Oviedo Spain Santi Cazorla
4%
87 Real Sociedad Spain Sergio Gomez
4%
86 Saint-Etienne Georgia Zuriko Davitashvili
4%
86 Ajax Netherlands Branco van den Boomen
0%
86 Celtic Japan Daizen Maeda
0%
87 Bayern Germany Klara Buhl
0%
86 Real Sociedad Colombia Manuela Vanegas
0%
86 Lille Morocco Osame Sahraoui
0%
87 Frankfurt Germany Sara Doorsoun
0%
86 Twente Netherlands Sem Steijn
0%
86 Rangers Czech Rep Vaclav Cerny
0%
87 Lyon Canada Vanessa Gilles
0%
87 Athletic Club Spain Vivian
0%
No matching quizzes found
Score Distribution
Percent of People with Each Score
Percentile by Number Answered
Your Score History
You have not taken this quiz